000 00245nam a22000857a 4500
008 160926b xxu||||| |||| 00| 0 eng d
100 _9761
_aKumar.V.etal
245 _aEnglish Communicative Main Course- VII
260 _aNew Delhi
_bCPP Publications
_c2012
999 _c3417
_d3417